قصص الأنبياء للإمام أبي الفداء ابن كثير 701-774ه / (رقم التسجيلة. 122587)
[ عرض عادي ]
| 000 -LEADER | |
|---|---|
| fixed length control field | 00597nam a22001817a 4500 |
| 005 - DATE AND TIME OF LATEST TRANSACTION | |
| control field | 20251108174947.0 |
| 008 - FIXED-LENGTH DATA ELEMENTS--GENERAL INFORMATION | |
| fixed length control field | 250721s9999 xx 000 0 ara d |
| 082 14 - DEWEY DECIMAL CLASSIFICATION NUMBER | |
| Classification number | م/211.81/كثي |
| 100 1# - MAIN ENTRY--PERSONAL NAME | |
| Personal name | ابن كثير، أبي الفداء |
| 245 10 - TITLE STATEMENT | |
| Title | قصص الأنبياء للإمام أبي الفداء ابن كثير 701-774ه / |
| 264 1# - PRODUCTION, PUBLICATION, DISTRIBUTION, MANUFACTURE, AND COPYRIGHT NOTICE | |
| Place of production, publication, distribution, manufacture | [د.م] : |
| Name of producer, publisher, distributor, manufacturer | البراعم للانتاج الثقافي، |
| 300 ## - PHYSICAL DESCRIPTION | |
| Extent | 452ص. |
| 650 17 - SUBJECT ADDED ENTRY--TOPICAL TERM | |
| Topical term or geographic name as entry element | قصص القران |
| 650 17 - SUBJECT ADDED ENTRY--TOPICAL TERM | |
| Topical term or geographic name as entry element | الانبياء |
| 700 1# - ADDED ENTRY--PERSONAL NAME | |
| Personal name | عبيسي، محمد خالد |
| Relator term | حقق |
| 942 ## - ADDED ENTRY ELEMENTS (KOHA) | |
| Source of classification or shelving scheme | Dewey Decimal Classification |
| Koha item type | مراجع |
| حالة السحب | حالة الفقدان | مصدر التصنيف | حالة التلف | غير قابل للإعارة | المكتبة الرئيسية | المكتبة الحالية | موقع الرف | تاريخ التزويد | الرقم المتسلسل | Total Checkouts | رقم الإستدعاء | الباركود | تاريخ آخر ظهور | تاريخ الفاتورة | نوع المادة (كوها) |
|---|---|---|---|---|---|---|---|---|---|---|---|---|---|---|---|
| Dewey Decimal Classification | مكتبة الأميرة ايمان العامة | مكتبة الأميرة ايمان العامة | الإعارة | 07/10/2013 | [490676] | م/211.81/كثي | PLD00282524 | 28/07/2025 | 07/10/2013 | مراجع | |||||
| Dewey Decimal Classification | مكتبة الأميرة ايمان العامة | مكتبة الأميرة ايمان العامة | الإعارة | 07/10/2013 | [490677] | م/211.81/كثي | PLD00282525 | 28/07/2025 | 07/10/2013 | مراجع | |||||
| Dewey Decimal Classification | Not For Loan | مكتبة الجويدة | مكتبة الجويدة | مراجع | 17/06/2015 | [490684] | م/211.81/كثي | PLD00331978 | 28/07/2025 | 17/06/2015 | مراجع | ||||
| Dewey Decimal Classification | Not For Loan | مكتبة الجويدة | مكتبة الجويدة | مراجع | 17/06/2015 | [490685] | م/211.81/كثي | PLD00331979 | 28/07/2025 | 17/06/2015 | مراجع | ||||
| Dewey Decimal Classification | Not For Loan | مكتبة بدر الجديدة للأطفال | مكتبة بدر الجديدة للأطفال | الأطفال | 14/10/2015 | 490716 | م/211.81/كثي | PLD00355968 | 28/07/2025 | 14/10/2015 | مراجع | ||||
| Dewey Decimal Classification | مكتبة بدر للأطفال | مكتبة بدر للأطفال | الأطفال | 28/08/2022 | 490719 | م/211.81/كثي | PLD00500464 | 28/07/2025 | 28/08/2022 | مراجع | |||||
| Dewey Decimal Classification | Not For Loan | مكتبة بدر للأطفال | مكتبة بدر للأطفال | الأطفال | 28/08/2022 | 490718 | م/211.81/كثي | PLD00500483 | 28/07/2025 | 28/08/2022 | مراجع |